000 00675cam a22002413a 4500
001 10632
003 PGUSA
005 20140828083227.0
008 040101s2004||||xxu|||||s|||||000 | eng d
040 _aPGUSA
_beng
042 _adc
050 4 _aTX
100 1 _aDaniel, Florence
245 1 4 _aThe Healthy Life Cook Book, 2d ed.
_h[electronic resource] /
_cFlorence Daniel
260 _bProject Gutenberg,
_c2004
500 _aHealthy Life Booklets, No. 4
506 _aPublic domain in the USA.
516 _aElectronic text
653 _aVegetarian cooking
830 0 _aProject Gutenberg
_v10632
856 4 0 _uhttp://www.gutenberg.org/ebooks/10632
942 _cEB
999 _c239887
_d239887